000
00318nam a2200145Ia 4500
100
_a
Bensinger Charles
650
_a
General
942
_c
BK
654
_a
Hand Book
245
_a
Home Video Hand Book
260
_b
Video -Info Publication
_a
New York
_c
1981
082
_a
621.3
300
_a
304
546
_a
ENGLISH
999
_c
25241
_d
25241